Datum a čas kvízu
25.5
Celkem bodů
Celkový počet nahraných bodů na tomto kvízu bez doplňovacích otázek.
6.
Pořadí na kvízu
Konečné umístění týmu na tomto kvízu.
Zaznamenané odpovědi
| # | Otázka | Odpověď | Body | Výsledky |
|---|---|---|---|---|
| 1. | Pouhé modlení už nestačí. Býva... | Koláček | 1 | |
| 2. | Nedostačují Vám čísla a písmen... | smajlíky (emotikony) | 1 | |
| 3. | Jak se nazývá snímek, který v... | Zelená kniha | 1 | |
| 4. | V úterý byla v České republice... | Apple Pay | 1 | |
| 5. | Úřadující mistr světa v automo... | Zlatý volant | 0 | |
| 6. | Cestovatel Miroslav Zikmund os... | Tatra 87 | 0 | |
| 7. | Na začátku své výpravy, dne 8.... | Casablanca, Maroko | 0 | |
| 8. | Cestovatelé si samozřejmě nemo... | Zambezi | 0 | |
| 9. | V prvním červencovém týdnu se... | Copacabana | 0 | |
| 10. | V Kongu zažili Zikmund s Hanze... | zrození sopky (Vovokvabiti) | 0 |